000
00330nam a22001457a 4500
003
OSt
008
250129b |||||||| |||| 00| 0 eng d
020
_a
9780241595763
100
_a
SHARMA,Ruchir
245
_a
What Went Wrong With Capitalism
250
_a
1st
260
_a
UK
_b
Penguin
_c
2024
300
_a
368
942
_2
ddc
_c
BK
999
_c
13043
_d
13043